Amelia Earhart / (Record no. 7550)

MARC details
000 -LEADER
fixed length control field 01544cam a2200373 a 4500
001 - CONTROL NUMBER
control field 1055011
003 - CONTROL NUMBER IDENTIFIER
control field OSt
005 - DATE AND TIME OF LATEST TRANSACTION
control field 20190212181126.0
008 - FIXED-LENGTH DATA ELEMENTS--GENERAL INFORMATION
fixed length control field 900913r19911987nyua jdb 001 0beng
010 ## - LIBRARY OF CONGRESS CONTROL NUMBER
LC control number 90049175
020 ## - INTERNATIONAL STANDARD BOOK NUMBER
International Standard Book Number 1559050780 (lg. print)
020 ## - INTERNATIONAL STANDARD BOOK NUMBER
International Standard Book Number 1559051000 (lg. print : set)
040 ## - CATALOGING SOURCE
Original cataloging agency DLC
Transcribing agency DLC
Modifying agency DLC
042 ## - AUTHENTICATION CODE
Authentication code lcac
050 10 - LIBRARY OF CONGRESS CALL NUMBER
Classification number TL540.E3
Item number R36 1990
082 00 - DEWEY DECIMAL CLASSIFICATION NUMBER
Classification number 629.13
-- B
-- 92
Edition number 20
Item number R159a
100 1# - MAIN ENTRY--PERSONAL NAME
Personal name Randolph, Blythe.
245 10 - TITLE STATEMENT
Title Amelia Earhart /
Statement of responsibility, etc. Blythe Randolph.
250 ## - EDITION STATEMENT
Edition statement Marshall Cavendish ed.
260 ## - PUBLICATION, DISTRIBUTION, ETC.
Place of publication, distribution, etc. North Bellmore, N.Y. :
Name of publisher, distributor, etc. Marshall Cavendish Corp. ;
Place of publication, distribution, etc. Lakeville, Conn. :
Name of publisher, distributor, etc. Grey Castle Press,
Date of publication, distribution, etc. c1991.
300 ## - PHYSICAL DESCRIPTION
Extent 159 p. (large print) :
Other physical details ill. ;
Dimensions 24 cm.
440 #0 - SERIES STATEMENT/ADDED ENTRY--TITLE
Title American cavalcade
500 ## - GENERAL NOTE
General note Reprint. Originally published: New York : F. Watts, 1987.
504 ## - BIBLIOGRAPHY, ETC. NOTE
Bibliography, etc. note Includes bibliographical references (p. 157) and index.
520 ## - SUMMARY, ETC.
Summary, etc. The life and career of the famous aviator, from her girlhood in Kansas, through her successes breaking aviation records and her increasing fame, to her mysterious disappearance.
600 10 - SUBJECT ADDED ENTRY--PERSONAL NAME
Personal name Earhart, Amelia,
Dates associated with a name 1897-1937
General subdivision Juvenile literature.
600 11 - SUBJECT ADDED ENTRY--PERSONAL NAME
Personal name Earhart, Amelia,
Dates associated with a name 1897-1937.
650 #0 - SUBJECT ADDED ENTRY--TOPICAL TERM
Topical term or geographic name entry element Air pilots
General subdivision Biography
-- Juvenile literature.
650 #1 - SUBJECT ADDED ENTRY--TOPICAL TERM
Topical term or geographic name entry element Air pilots.
650 #1 - SUBJECT ADDED ENTRY--TOPICAL TERM
Topical term or geographic name entry element Women
General subdivision Biography.
906 ## - LOCAL DATA ELEMENT F, LDF (RLIN)
a 7
b cbc
c orignew
d 1
e ocip
f 19
g y-gencatlg
942 ## - ADDED ENTRY ELEMENTS (KOHA)
Source of classification or shelving scheme Dewey Decimal Classification
Koha item type Books
Holdings
Withdrawn status Lost status Source of classification or shelving scheme Damaged status Not for loan Collection code Home library Current library Shelving location Date acquired Cost, normal purchase price Total Checkouts Full call number Barcode Date last seen Price effective from Koha item type
    Dewey Decimal Classification     Non-fiction Harvest Mission College Harvest Mission College General Stacks 12.02.2019 1000.00   629.13 R159a 008661 12.02.2019 12.02.2019 Books

OPAC Designed and Maintained by HMC Library Team.
Copyright © HMC Library,Greater Noida, UP.
For any Suggestions/Query Contact library via Email:libhmc@gmail.com